| Tag |
First Indicator |
Second Indicator |
Subfields |
| LEADER |
00000cam a2200000 a 4500 |
| 001 |
in00002783314 |
| 005 |
20150922144726.0 |
| 008 |
120511s2012 scu b s001 0 eng c |
| 010 |
|
|
|a 2012019779
|
| 020 |
|
|
|a 9781611170993 (hardback : alk. paper)
|
| 020 |
|
|
|a 1611170990 (hardback : alk. paper)
|
| 035 |
|
|
|a (OCoLC)ocn794973734
|
| 040 |
|
|
|a IEN/DLC
|c DLC
|d UtOrBLW
|
| 043 |
|
|
|a f-sa---
|
| 049 |
|
|
|a TXAM
|
| 050 |
0 |
0 |
|a JA85.2.S63
|b M37 2012
|
| 082 |
0 |
0 |
|a 808.50968
|2 23
|
| 100 |
1 |
|
|a Marback, Richard.
|
| 245 |
1 |
0 |
|a Managing vulnerability :
|b South Africa's struggle for a democratic rhetoric /
|c Richard C. Marback.
|
| 264 |
|
1 |
|a Columbia :
|b University of South Carolina Press,
|c [2012]
|
| 264 |
|
4 |
|c ©2012
|
| 300 |
|
|
|a viii, 142 pages ;
|c 22 cm.
|
| 336 |
|
|
|a text
|b txt
|2 rdacontent
|
| 337 |
|
|
|a unmediated
|b n
|2 rdamedia
|
| 338 |
|
|
|a volume
|b nc
|2 rdacarrier
|
| 490 |
1 |
|
|a Studies in rhetoric/communication
|
| 504 |
|
|
|a Includes bibliographical references (pages [133]-138) and index.
|
| 505 |
0 |
|
|a The promise of participation -- Rhetoric as vulnerability -- The dangerous rhetoric of Robert Sobukwe -- On the fragile memories of Robben Island -- Nelson Mandela's compromised gesture -- Desmond Tutu's even-handedness -- Tsotsi, District 9, and the visualization of vulnerable rhetorics -- The prospects of rhetoric as vulnerability.
|
| 650 |
|
0 |
|a Rhetoric
|x Political aspects
|z South Africa.
|
| 650 |
|
0 |
|a Expression
|x Political aspects
|z South Africa.
|
| 650 |
|
0 |
|a Democratization
|z South Africa.
|
| 650 |
|
0 |
|a Reconciliation.
|
| 650 |
|
0 |
|a Post-apartheid era
|z South Africa.
|
| 600 |
1 |
0 |
|a Sobukwe, Robert Mangaliso
|x Political and social views.
|
| 600 |
1 |
0 |
|a Mandela, Nelson,
|d 1918-2013
|x Political and social views.
|
| 830 |
|
0 |
|a Studies in rhetoric/communication.
|
| 945 |
|
|
|a PromptCat
|
| 946 |
|
|
|a stk
|
| 947 |
|
|
|a A14836006285
|
| 948 |
|
|
|a cataloged
|b h
|c 2012/11/26
|d c
|e dmitchel
|f 1:00:00 pm
|
| 994 |
|
|
|a 92
|b TXA
|
| 999 |
|
|
|a MARS
|
| 999 |
f |
f |
|s fd1bd1e3-6fdb-37f2-ba74-d38ac2bfa552
|i 70226fef-9ecc-3cac-b3bc-5f59511bb502
|t 0
|
| 952 |
f |
f |
|p ric
|a Texas A&M University
|b Rellis Campus
|c Joint Library Facility
|d Remote Storage
|t 0
|e JA85.2.S63 M37 2012
|h Library of Congress classification
|i unmediated -- volume
|m A14836006285
|
| 998 |
f |
f |
|a JA85.2.S63 M37 2012
|t 0
|l Remote Storage
|